000 00372nam a2200145Ia 4500
008 230711s9999||||xx |||||||||||||| ||und||
041 _aENG
082 _a720
_bST-A
100 _aFred A. Stitt
245 0 _aArchitecture's room design data handbook
250 _a1st . Ed.
260 _c1992
_aNew Delhi
_bVan Nostrand Reinhold Co.
650 _aArchitecture
942 _cBK
999 _c2231
_d2231